Statistics for Emperors

Click here to take the quiz!

General Stats

  • This quiz has been taken 1,008 times
  • The average score is 7 of 14

Answer Stats

HintAnswer% Correct
Queen of the United Kingdom and Empress of India. Namesake to a long period in British History.Queen Victoria
95%
You might know him by two names. He’s often call the first Roman Emperor, but he preferred to be called Princeps.Augustus,
92%
This great Khan established complete control over China and Korea. He never got JapanKublai Khan
81%
Egyptian Pharaoh, the Greeks called him Ozymandias. Known to his people as “great Ancestor”.Ramesses II
62%
Emperor of Ethiopia for over 40 years during the 20th Century.Haile Selassie
60%
King of Kings. King of Persia, Babylon and the four corners of the world. Founder of the Persian Empire. A Zoroastrian.Cyrus the Great
55%
1st President of France. Became Emperor just like his uncle. Captured by the soon to be United forces of GermanyNapoleon III
54%
Founded the Empire of Brazil after declaring independence from his fathers kingdom.Pedro I
48%
French supported Habsburg Emperor of the second Mexican Empire. He didn’t last longMaximillian I
40%
Holy Roman Emperor. Drowned during the third crusade.Frederick Barbarossa
36%
Ottoman sultan, He conquered Constantinople.Mehmed II
35%
Final Chinese Emperor. Made the puppet Emperor of Manchuria under Japanese control.Puyi
29%
The only Empress of china. She’s often depicted as ruthless and power hungry.Wu Zetian
26%
Roman Emperor. He earned the title Restorer of the World after saving and revitalizing the empire at a time of great crises.Aurelian
16%

Score Distribution

Percentile by Number Answered

Percent of People with Each Score

Your Score History

You have not taken this quiz